[Event "WYCC 2018 O16"]
[Site "Halkidiki"]
[Date "2018.10.30"]
[Round "11"]
[White "Kamer, Kayra"]
[Black "Schitco, Ivan"]
[Result "1/2-1/2"]
[WhiteElo "2290"]
[BlackElo "2376"]
[Annotator "TA"]
[PlyCount "114"]
[EventDate "2018.10.20"]
[EventType "swiss"]
[EventCountry "GRE"]
[SourceTitle "playchess.com"]
[Source "ChessBase"]
[SourceQuality "1"]

{[%evp 19,114,0,6,-15,-22,-69,-75,-81,-78,-76,-81,-119,-100,-105,-110,-146,-149,-150,-95,-88,0,0,0,0,4,-74,-85,-81,-78,-78,-59,-67,-12,-59,-52,-159,-154,-234,-226,-241,0,-65,-70,-66,-31,-47,0,-36,0,0,0,-261,-253,-174,23,14,85,-490,-478,-475,-419,-419,-151,-151,-106,-87,-90,-102,-27,-190,-190,-190,-190,-266,-217,-192,-227,-558,-558,-558,-558,-558,-551,-543,-543,-531,-523,-516,-514,-449,0,0,0,0,0,0,0]} 1. e4 d6 2. d4 Nf6 3. Nc3 g6 4. Be3 c6 5. Nf3 Bg7 6. Qd2 O-O 7. Bh6 Bg4 8. O-O-O {B08: Pirc Defence: Classical System} b5 (8... Qa5 9. Bxg7 Kxg7 10. Qf4 e5 11. Qg5 h6 12. Qe3 b5 13. Kb1 Be6 14. b3 Nbd7 15. h3 b4 {½-½ (35) Starostits,I (2427)-Zubov,A (2626) Sitges 2017}) 9. Bxg7 Kxg7 10. Bd3 e5 {LiveBook: 3 Games} 11. dxe5 dxe5 12. Qg5 $146 ({Predecessor:} 12. Ne2 Nbd7 13. h4 h5 14. Ng5 Bxe2 15. Qxe2 Qa5 16. Kb1 Nc5 17. g3 {½-½ (46) Aitbayev,A (2346)-Onischuk,V (2490) St Petersburg 2011}) 12... Nbd7 13. h3 Bxf3 14. gxf3 Nh5 15. Qe3 Qc7 16. h4 {[%cal Bh3h4,Bh4h5][%mdl 32]} Rfd8 17. Rhg1 Nf4 18. Ne2 Kg8 (18... h5 $142 19. Kb1 Ne6) 19. h5 Nf8 (19... Nxh5 $17 20. Qg5 Ng7) 20. Nxf4 $11 exf4 21. Qc5 $1 {next hxg6 is good for White.} Ne6 22. Qc3 (22. Qf5 $1 $11) 22... Rd4 $17 23. hxg6 hxg6 24. Rh1 b4 25. Qe1 c5 ({Black should try} 25... Rad8 $15) 26. Qf1 Rad8 27. e5 (27. Qh3 $15 Qe5 28. Qh7+ Kf8 29. Qh8+ Qxh8 30. Rxh8+ Kg7 31. Rxd8 Rxd8 32. c3) 27... Ng5 28. e6 (28. Qe2 $17 {is a better defense.}) 28... c4 $19 ({Weaker is} 28... fxe6 29. Qg2 $11) 29. exf7+ Qxf7 $2 (29... Nxf7 $19 30. Be2 Rxd1+ 31. Bxd1 Kg7) 30. Be2 ({Better is} 30. Qg2 $11) 30... Rxd1+ $15 31. Bxd1 Qd5 (31... c3 $5 {[%cal Rf7a2]} 32. Qa6 Qe6 33. Qxe6+ Nxe6 $15) 32. Be2 Qd2+ 33. Kb1 c3 34. Bd3 Kg7 35. Rg1 $2 {[%mdl 8192]} (35. bxc3 $11 bxc3 36. a3) 35... Re8 $1 $19 36. bxc3 bxc3 $2 (36... Nxf3 $19 37. Qh3 (37. Rxg6+ $2 Kf7 $19) 37... Re1+ 38. Rxe1 Qxe1+ 39. Kb2 Qxc3+ 40. Kb1 Qe1+ 41. Kb2 Ne5) 37. a4 $1 $11 {And now Ka2 would win.} Re6 (37... Kf8 $11) 38. Rxg5 $4 {[%mdl 8192]} (38. Ka2 $1 $16 {stays on course.} Nf7 39. Qh3) 38... Re1+ $19 39. Qxe1 Qxe1+ {[%mdl 4096] Endgame KQ-KRB} 40. Ka2 {[#]} Qxf2 $2 (40... Qe6+ $1 $19 41. Kb1 Qb6+ 42. Rb5 Qxf2) 41. Rxg6+ $17 Kf7 42. Ra6 Qxf3 43. Rxa7+ Ke8 (43... Ke6 $17 {Strongly threatening ...Qd5+.} 44. Kb3 Qe3 45. Bc4+ Kd6) 44. Rc7 $2 (44. Ra5 $11 {and White is okay.}) 44... Qd5+ $19 45. Rc4 {[#]} f3 $1 46. Kb3 (46. Ka3 {was necessary.}) 46... f2 47. Kxc3 {[#]} Qxd3+ $1 {[%mdl 512]} 48. cxd3 $2 (48. Kxd3 f1=Q+ 49. Kc3) 48... f1=Q {KQ-KR} 49. Re4+ Kd7 50. Kd2 Kd6 51. Kc2 Kd5 52. Kd2 Qb1 53. Rc4 Qa2+ 54. Kd1 Qxc4 $2 (54... Qf2 $19 {...Qb2 is the strong threat.} 55. Re4 Kc5 56. Rc4+ Kb6) 55. dxc4+ $11 {The position is equal.} Kxc4 56. Kc2 Kb4 57. Kd3 Kxa4 {Precision: White = 47%, Black = 52%.} 1/2-1/2

[Event "WYCC 2018 O16"]
[Site "Halkidiki"]
[Date "2018.10.30"]
[Round "11"]
[White "Faerber, David"]
[Black "Petkov, Matey"]
[Result "1-0"]
[WhiteElo "2279"]
[BlackElo "2164"]
[Annotator "NA"]
[PlyCount "81"]
[EventDate "2018.10.20"]
[EventType "swiss"]
[EventCountry "GRE"]
[SourceTitle "playchess.com"]
[Source "ChessBase"]
[SourceQuality "1"]
[TimeControl "40/5400+30:1800+30"]

1. e4 {[%emt 0:00:00]} e5 {[%emt 0:00:00]} 2. Nf3 {[%emt 0:00:00]} d6 {[%emt 0:00:00]} 3. d4 {[%emt 0:00:23]} exd4 {[%emt 0:00:02]} 4. Nxd4 {[%emt 0:00:33]} Nf6 {[%emt 0:00:06]} 5. Nc3 {[%emt 0:00:09]} Be7 {[%emt 0:00:05]} 6. Be2 {[%emt 0:00:09]} O-O {[%emt 0:00:05]} 7. Bf4 {[%emt 0:00:07] C41: Philidor Defence} Re8 {[%emt 0:01:38]} 8. Qd2 {[%emt 0:00:23]} Bf8 {[%emt 0:05:10]} 9. f3 {[%emt 0:00:10]} c6 {[%emt 0:02:19]} (9... Nc6 10. O-O-O Nxd4 11. Qxd4 Be6 12. Kb1 Nd7 13. g4 a6 14. h4 b5 {0-1 (44) Grischuk,A (2750)-Rapport,R (2698) chess.com INT 2017}) 10. O-O-O {[%emt 0:01:02]} b5 {[%emt 0:03:49]} 11. Kb1 {[%emt 0:09:28]} b4 {[%emt 0:02:23]} 12. Na4 {[%emt 0:00:14]} Bd7 {[%emt 0:00:29]} 13. b3 {[%emt 0:09:19]} d5 {[%emt 0:00:36]} 14. e5 {[%emt 0:08:27]} Nh5 $146 {[%emt 0:00:21]} ({Predecessor:} 14... c5 15. exf6 cxd4 16. fxg7 Bxg7 17. Bg5 Qc7 {½-½ (17) Koch,H (2279)-Pligin,S (2446) ICCF email 2009}) 15. Bg5 {[%emt 0:08:59]} f6 {[%emt 0:12:24]} 16. exf6 {[%emt 0:05:44]} Nxf6 {[%emt 0:00:06]} 17. f4 {[%emt 0:07:20]} c5 {[%emt 0:13:25]} (17... Ne4 $11 {remains equal.} 18. Bxd8 Nxd2+ 19. Rxd2 Rxd8) 18. Nf3 {[%emt 0:02:24]} Bxa4 {[%emt 0:01:19]} 19. Bxf6 {[%emt 0:03:19]} gxf6 {[%emt 0:00:07]} 20. bxa4 {[%emt 0:00:22]} d4 {[%emt 0:01:12]} 21. Bb5 {[%emt 0:06:44]} Nd7 {[%emt 0:00:58]} 22. Rhe1 {[%emt 0:00:32]} Rxe1 {[%emt 0:00:30]} 23. Qxe1 {[%emt 0:03:36]} Nb6 {[%emt 0:00:18]} 24. Qe6+ {[%emt 0:10:36]} Kh8 {[%emt 0:00:18]} 25. Re1 {[%emt 0:01:29]} Bg7 {[%emt 0:04:00]} 26. Bc6 {[%emt 0:04:08]} Rc8 {[%emt 0:02:31]} 27. a5 {[%emt 0:01:36]} Nc4 {[%emt 0:01:51]} 28. Qxc4 {[%emt 0:02:27]} Rxc6 {[%emt 0:00:02]} 29. Qf7 {[%emt 0:00:55]} Rc8 {[%emt 0:00:07]} 30. Re7 {[%emt 0:02:58]} Qg8 {[%emt 0:01:59]} 31. a6 {[%emt 0:01:39]} Ra8 {[%emt 0:06:42]} 32. Nd2 {[%emt 0:01:59]} Qxf7 {[%emt 0:01:09]} 33. Rxf7 {[%emt 0:00:02]} Kg8 {[%emt 0:00:47]} 34. Rc7 {[%emt 0:00:16]} f5 {[%emt 0:00:29]} 35. Rxc5 {[%emt 0:03:01]} Re8 {[%emt 0:00:10]} 36. Nf3 {[%emt 0:00:30]} Re6 {[%emt 0:03:20]} 37. Rc8+ {[%emt 0:00:49]} Bf8 {[%emt 0:00:05]} 38. Ne5 {[%emt 0:00:23]} Kg7 {[%emt 0:00:35]} 39. Rc7+ {[%emt 0:00:27]} Re7 {[%emt 0:00:14]} 40. Rxe7+ {[%emt 0:00:00]} Bxe7 {[%emt 0:00:00]} 41. Nc6 $18 {[%emt 0:00:58]} 1-0

[Event "WYCC 2018 O16"]
[Site "Halkidiki"]
[Date "2018.10.30"]
[Round "11"]
[White "Talukdar, Rohan"]
[Black "Filgueiras, Nathan Felipe"]
[Result "1-0"]
[WhiteElo "2279"]
[BlackElo "2188"]
[Annotator "ChessBase"]
[PlyCount "137"]
[EventDate "2018.10.20"]
[EventType "swiss"]
[EventCountry "GRE"]
[SourceTitle "playchess.com"]
[Source "ChessBase"]
[SourceQuality "1"]
[TimeControl "40/5400+30:1800+30"]

1. e4 {[%emt 0:00:00]} e5 {[%emt 0:00:00]} 2. Nf3 {[%emt 0:00:00]} Nc6 {[%emt 0:00:00]} 3. Bc4 {[%emt 0:00:21]} Nf6 {[%emt 0:00:00]} 4. d3 {[%emt 0:00:07]} Be7 {[%emt 0:00:00]} 5. O-O {[%emt 0:01:12]} O-O {[%emt 0:00:28]} 6. Bb3 {[%emt 0:00:48]} d6 {[%emt 0:00:27]} 7. c3 {[%emt 0:00:04]} Kh8 {[%emt 0:00:44]} 8. Nbd2 {[%emt 0:04:22]} Ng8 {[%emt 0:01:13]} 9. d4 {[%emt 0:05:20]} Bg4 {[%emt 0:01:29]} 10. h3 {[%emt 0:08:40]} Bh5 {[%emt 0:01:02]} 11. d5 {[%emt 0:02:34]} Nb8 {[%emt 0:01:36]} 12. Bc2 {[%emt 0:04:02]} Bg6 {[%emt 0:08:15]} 13. Re1 {[%emt 0:06:54]} c6 {[%emt 0:11:08]} 14. c4 {[%emt 0:00:22]} Nd7 {[%emt 0:05:04]} 15. Nf1 {[%emt 0:02:31]} Ngf6 {[%emt 0:15:52]} 16. Ng3 {[%emt 0:10:51]} a5 {[%emt 0:11:26]} 17. Be3 {[%emt 0:07:13]} cxd5 {[%emt 0:04:18]} 18. cxd5 {[%emt 0:02:29]} Rc8 {[%emt 0:00:29]} 19. Rc1 {[%emt 0:04:27]} Nc5 {[%emt 0:01:44]} 20. Nd2 {[%emt 0:01:27]} Nfd7 {[%emt 0:10:38]} 21. a3 {[%emt 0:12:47]} b5 {[%emt 0:03:13]} 22. b4 {[%emt 0:04:09]} axb4 {[%emt 0:01:35]} 23. axb4 {[%emt 0:00:01]} Na6 {[%emt 0:01:08]} 24. Rb1 {[%emt 0:00:06]} Nb6 {[%emt 0:03:20]} 25. Bd3 {[%emt 0:00:56]} Nc4 {[%emt 0:05:56]} 26. Qe2 {[%emt 0:04:33]} Nxe3 {[%emt 0:01:44]} 27. Qxe3 {[%emt 0:00:01]} Rb8 {[%emt 0:06:03]} 28. Rec1 {[%emt 0:03:12]} Bg5 {[%emt 0:01:27]} 29. Qe2 {[%emt 0:00:07]} Rb6 {[%emt 0:01:28]} 30. Rc2 {[%emt 0:03:19]} Qd7 {[%emt 0:00:22]} 31. Ra2 {[%emt 0:00:16]} Qb7 {[%emt 0:02:15]} 32. Raa1 {[%emt 0:06:02]} Bxd2 {[%emt 0:00:42]} 33. Qxd2 {[%emt 0:00:02]} Rc8 {[%emt 0:00:19]} 34. Ra5 {[%emt 0:00:49]} f6 {[%emt 0:00:17]} 35. Ne2 {[%emt 0:00:41]} Be8 {[%emt 0:00:16]} 36. f4 {[%emt 0:01:19]} Kg8 {[%emt 0:01:09]} 37. Rf1 {[%emt 0:00:37]} Qe7 {[%emt 0:00:35]} 38. Rfa1 {[%emt 0:00:46]} Nb8 {[%emt 0:00:33]} 39. f5 {[%emt 0:01:40]} Qc7 {[%emt 0:00:20]} 40. Qe3 {[%emt 0:00:00]} Rb7 {[%emt 0:00:00]} 41. Ra7 {[%emt 0:06:03]} Nd7 {[%emt 0:10:36]} 42. Bxb5 {[%emt 0:05:02]} Rxa7 {[%emt 0:02:49]} 43. Rxa7 {[%emt 0:02:37]} Qb6 {[%emt 0:00:07]} 44. Qxb6 {[%emt 0:00:31]} Nxb6 {[%emt 0:00:02]} 45. Ba6 {[%emt 0:04:48]} Rc2 {[%emt 0:04:04]} 46. Rb7 {[%emt 0:00:09]} Na4 {[%emt 0:02:35]} 47. Kf1 {[%emt 0:01:09]} Kf8 {[%emt 0:05:05]} 48. Rb8 {[%emt 0:01:31]} Ke7 {[%emt 0:01:25]} 49. Rb7+ {[%emt 0:00:04]} Kf8 {[%emt 0:00:13]} 50. Ke1 {[%emt 0:00:12]} h5 {[%emt 0:03:13]} 51. Kd1 {[%emt 0:04:44]} Ra2 {[%emt 0:00:10]} 52. Rb8 {[%emt 0:03:17]} Ke7 {[%emt 0:02:31]} 53. Kc1 {[%emt 0:01:29]} h4 {[%emt 0:01:02]} 54. Bd3 {[%emt 0:02:15]} Bh5 {[%emt 0:01:42]} 55. Rb7+ {[%emt 0:01:00]} Kf8 {[%emt 0:00:35]} 56. Rb8+ {[%emt 0:01:15]} Ke7 {[%emt 0:00:12]} 57. Rb7+ {[%emt 0:00:07]} Kf8 {[%emt 0:00:02]} 58. Bc4 {[%emt 0:01:16]} Rxe2 {[%emt 0:03:15]} 59. Bxe2 {[%emt 0:00:01]} Bxe2 {[%emt 0:00:02]} 60. Kc2 {[%emt 0:00:01]} Bf1 {[%emt 0:00:24]} 61. Kb3 {[%emt 0:00:14]} Nc5+ {[%emt 0:00:03]} 62. bxc5 {[%emt 0:00:10]} dxc5 {[%emt 0:00:04]} 63. d6 {[%emt 0:00:27]} Ke8 {[%emt 0:01:19]} 64. Rxg7 {[%emt 0:00:25]} Bd3 {[%emt 0:00:18]} 65. Rg4 {[%emt 0:00:11]} Kd7 {[%emt 0:00:24]} 66. Rxh4 {[%emt 0:00:12]} Kxd6 {[%emt 0:00:02]} 67. Kc3 {[%emt 0:00:13]} Bf1 {[%emt 0:00:26]} 68. Rg4 {[%emt 0:00:15]} Be2 {[%emt 0:00:41]} 69. Rg7 {[%emt 0:00:11] Kd5} 1-0

[Event "WYCC 2018 O16"]
[Site "Halkidiki"]
[Date "2018.10.30"]
[Round "11"]
[White "Loiacono, Leonardo"]
[Black "Gatineau, Yovann"]
[Result "1/2-1/2"]
[WhiteElo "2277"]
[BlackElo "2376"]
[Annotator "TA"]
[PlyCount "80"]
[EventDate "2018.10.20"]
[EventType "swiss"]
[EventCountry "GRE"]
[SourceTitle "playchess.com"]
[Source "ChessBase"]
[SourceQuality "1"]

{[%evp 21,80,9,5,15,9,-21,2,6,20,-20,-17,-28,-31,-36,-16,-25,-30,-35,-21,-25,-24,-33,-23,-83,-34,-17,-10,-17,-23,-87,-97,-86,-84,-114,0,-10,0,0,-7,-6,0,-18,9,0,0,-33,0,-18,0,0,0,0,0,-18,-12,-19,-8,-10,0,0,0]} 1. d4 d5 2. c4 e6 3. Nc3 Nf6 4. Nf3 Bb4 5. cxd5 exd5 6. Bg5 h6 7. Bh4 O-O {D38: Damengambit (Ragosin-Verteidigung)} 8. e3 Bf5 9. Qb3 Bxc3+ 10. bxc3 Nbd7 11. Be2 c5 {LiveBook: 18 Partien} 12. O-O c4 13. Qb2 {[#]} Qa5 $146 ({Vorgänger:} 13... Qb6 14. Qc1 Ne4 15. Nd2 {½-½ (47) Ding,L (2778)-Leko,P (2712) Danzhou 2016}) 14. Nd2 b5 15. Rac1 Qb6 16. f3 Rfe8 $36 {[%mdl 2048] Weiss steht unter Druck.} 17. Bf2 a5 18. Rfe1 Rab8 19. Bd1 Bh7 20. Bc2 b4 21. Bxh7+ Kxh7 22. Rb1 (22. Qc2+ $11 {bleibt in der Remisbreite.} Kg8 23. Rb1) 22... Qc6 23. Qc2+ g6 24. e4 dxe4 25. cxb4 {[#]} (25. fxe4 $11 bxc3 26. Qxc3) 25... c3 $1 $17 26. b5 Rxb5 27. Rxb5 {[#]} Qxb5 (27... e3 $1 $17 28. Rbb1 exd2 29. Rxe8 Nxe8) 28. Qxc3 $11 {[%cal Rf3e4]} exf3 {Mit der Idee ...Te2.} 29. Rxe8 Nxe8 30. Qxf3 Nd6 31. Qb3 Qf5 32. h3 Nf6 33. Qf3 Qe6 34. Bg3 {Die Stellung ist ausgeglichen.} Nf5 35. Be5 $1 {Und g4 würde nun gewinnen.} Nd7 36. Qb3 Qe7 37. Nf3 Nxe5 38. dxe5 Qa7+ 39. Kh2 Kg7 40. Qc3 Kg8 {Precision: Weiß = 36%, Schwarz = 47%.} 1/2-1/2

[Event "WYCC 2018 O16"]
[Site "Halkidiki"]
[Date "2018.10.30"]
[Round "11"]
[White "Chukavin, Kirill"]
[Black "Vlachos, Anatole"]
[Result "1-0"]
[WhiteElo "2274"]
[BlackElo "2435"]
[Annotator "TA"]
[PlyCount "81"]
[EventDate "2018.10.20"]
[EventType "swiss"]
[EventCountry "GRE"]
[SourceTitle "playchess.com"]
[Source "ChessBase"]
[SourceQuality "1"]

{[%evp 24,81,34,-9,13,14,83,76,131,112,111,62,137,161,139,141,149,151,151,150,195,195,238,114,222,135,133,131,263,252,227,165,339,349,704,697,687,672,722,619,651,651,655,648,583,502,623,507,517,512,991,614,770,753,887,889,975,953,1183,1154]} 1. e4 c5 2. Nf3 d6 3. d4 cxd4 4. Nxd4 Nf6 5. Nc3 g6 6. g3 Nc6 7. Nde2 Bg7 8. Bg2 O-O 9. O-O Bd7 10. h3 Rc8 11. Nd5 Nxd5 {B70: Sicilian Dragon: 6 g3 and 6 Be2 (without a later Be3)} 12. exd5 Na5 13. a4 {LiveBook: 3 Games} Qb6 {The position is equal.} 14. Ra2 Rc7 $146 (14... e6 $11 {remains equal.}) ({Predecessor:} 14... e5 15. dxe6 Bxe6 16. Be3 Qb4 17. b3 d5 {1-0 (28) Fedorov,A (2578)-Moskalenko,A (2460) Izhevsk 2013}) 15. b3 e6 (15... Rcc8 $142) 16. Be3 $16 Qa6 17. Be4 {Hoping for Bd3.} exd5 (17... b6 $14) 18. Bd3 $1 $36 {[%cal Rd3a6][%mdl 2048] White is in control.} Nc4 19. bxc4 dxc4 20. Be4 Bxh3 21. Re1 Re8 22. Bf3 $1 Rce7 23. g4 (23. Nf4 $18 {is more deadly.} Be6 24. Qb1) 23... Be5 (23... Qa5 $16 {might work better.}) 24. Kh1 {Threatens to win with Ng1.} d5 {[#]} 25. Ng1 $1 {[%cal Rg1h3]} (25. Bxd5 Bxg4 26. Qb1 Qa5 $19) 25... Bc7 (25... Bc3 $16 {is a better defense.}) 26. Qxd5 $18 (26. Nxh3 Qd6 $11) 26... Re5 27. Qxb7 Qd6 $2 (27... Qxb7 28. Bxb7 Bxg4) 28. Qc6 ({Avoid the trap} 28. Nxh3 $2 {[#]} Rxe3 $1 {[%mdl 512]} 29. Qxc7 Rxe1+ 30. Kg2 Qxc7 $19) 28... Qb4 $2 (28... Qxc6 29. Bxc6 Bxg4 30. Bxe8 Rxe8) 29. Raa1 {White is clearly winning.} ({Weaker is} 29. Qxc7 Qxe1 30. Rb2 (30. Qxc4 Bf1 $16) (30. Qxa7 Rxe3 31. fxe3 Qh4 $16) 30... Rxe3 $16) 29... Bxg4 30. Bxg4 c3 31. Qg2 Re4 {[#]} 32. Bc5 $1 Qc4 (32... Qxc5 33. Rxe4) 33. Rxe4 Rxe4 34. f3 {[%cal Bf2f3,Bf3f4,Bf4f5][%mdl 32]} Re5 35. Bf2 {[%cal Bc5f2,Bf2e3,Be3d4][%mdl 32]} Rd5 36. Be3 h5 (36... Bf4 $142 37. Qf2 Bxe3 38. Qxe3 h5) 37. Bh3 Qh4 38. f4 Rd8 39. Nf3 Qf6 40. f5 Re8 41. Bd4 {Precision: White = 57%, Black = 19%.} 1-0

[Event "WYCC 2018 O16"]
[Site "Halkidiki"]
[Date "2018.10.30"]
[Round "11"]
[White "De Waele, Warre"]
[Black "Milosevic, Milos"]
[Result "0-1"]
[WhiteElo "2272"]
[BlackElo "2306"]
[Annotator "TA"]
[PlyCount "74"]
[EventDate "2018.10.20"]
[EventType "swiss"]
[EventCountry "GRE"]
[SourceTitle "playchess.com"]
[Source "ChessBase"]
[SourceQuality "1"]

{[%evp 19,74,35,62,15,19,20,12,9,45,0,6,-8,0,-12,-13,-19,0,-39,0,-17,0,-8,0,-39,-18,-38,0,0,0,-7,0,-64,-62,-63,-57,-36,-23,-27,-25,-37,-11,-68,-48,-90,-87,-93,-87,-109,-91,-91,-88,-153,-146,-368,-362,-29993,-29994]} 1. d4 Nf6 2. c4 c5 3. d5 b5 4. Qc2 bxc4 5. e4 d6 6. Bxc4 g6 7. h3 Bg7 8. Nf3 O-O 9. O-O Ba6 10. Na3 {A57: Benko/Volga Gambit} (10. Nbd2 Nfd7 11. Rb1 Nb6 12. b3 Nxc4 13. bxc4 Qa5 14. Rb3 Qa4 15. Bb2 Bxb2 16. Rxb2 Qxc2 17. Rxc2 Nd7 {0-1 (36) Mamedyarov,S (2764)-Ivanchuk,V (2766) Beijing 2012}) 10... Nfd7 {[%cal Bf6d7,Bd7b6,Bb6a4][%mdl 32] LiveBook: 14 Games} 11. Bf4 (11. Nb5 {looks sharper.} Nb6 12. Be2 N8d7 13. a4 Ne5 14. Nd2) 11... Nb6 12. Be2 $146 {The position is equal.} ({Predecessor:} 12. Rab1 Nxc4 13. Nxc4 Nd7 14. Nfd2 Nb6 15. Rfe1 Nxc4 16. Nxc4 Rb8 17. b3 Bxc4 18. bxc4 Qa5 {½-½ (18) Feinstein,M (2267)-Abrahamyan,T (2290) Las Vegas 2010}) 12... Bxe2 13. Qxe2 N8d7 14. Bh2 Na4 15. Qc2 Qa5 16. Nc4 Qa6 17. Rac1 Nab6 18. Nfd2 Nxc4 19. Nxc4 Nb6 20. b3 Nxc4 21. bxc4 Rab8 22. Rb1 Qa3 23. Bf4 Bd4 24. Bd2 Qg3 25. Rb3 ({White should try} 25. Bh6 $11 Rfd8 26. Rxb8 Rxb8 27. Qa4) 25... Rxb3 $15 26. Qxb3 Qh4 27. Qb1 Kg7 28. Bc1 Qf6 29. Qb7 a5 30. a4 (30. Kh1 $11) 30... Qe5 31. Re1 f5 {[%cal Bf7f5,Bf5f4,Bf4f3][%mdl 32]} 32. Qb1 {[#]} f4 $1 33. Qd3 Rb8 {[%cal Bf8b8,Bb8b2,Bb2a2][%mdl 32]} 34. Bd2 Rb2 35. Rb1 (35. Re2 $142) 35... Ra2 $17 36. Rb8 $2 (36. Be1 $17 {was worth a try.}) 36... f3 $19 {...Ra1+ is the strong threat.} 37. Be3 $2 {[#]} (37. Rb1 $19 fxg2 38. Rd1) 37... Bxe3 {Precision: White = 33%, Black = 56%.} 0-1

[Event "WYCC 2018 O16"]
[Site "Halkidiki"]
[Date "2018.10.30"]
[Round "11"]
[White "Thilakarathne, G M H"]
[Black "Ibrahimli, Murad"]
[Result "1-0"]
[WhiteElo "2268"]
[BlackElo "2379"]
[Annotator "TA"]
[PlyCount "81"]
[EventDate "2018.10.20"]
[EventType "swiss"]
[EventCountry "GRE"]
[SourceTitle "playchess.com"]
[Source "ChessBase"]
[SourceQuality "1"]

{[%evp 23,81,6,6,6,3,2,18,1,25,0,19,4,30,25,37,26,26,25,86,85,114,107,133,88,111,72,155,136,181,153,162,134,265,250,328,321,370,300,366,287,282,281,328,308,437,245,733,708,1745,1742,2452,2390,29988,29982,29987,29988,6101,1404,29994,29994]} 1. e4 e5 2. Nf3 Nc6 3. Bb5 a6 4. Ba4 Nf6 5. O-O Be7 6. Re1 b5 7. Bb3 d6 8. c3 O-O 9. h3 Nb8 10. d4 Nbd7 11. Nbd2 {[%cal Bb1d2,Bd2f1,Bf1g3][%mdl 32]} Bb7 12. a3 {C95: Closed Ruy Lopez: Breyer Variation with 10 d4} (12. Bc2 Re8 13. Nf1 Bf8 14. Ng3 g6 15. b3 c6 16. a4 Qc7 17. Bg5 Bg7 18. Qd2 Nf8 19. Bh6 Ne6 20. Bxg7 Kxg7 21. Rad1 Rad8 22. b4 Bc8 23. Bb3 Nf4 {1-0 (45) Duda,J (2737)-Karjakin,S (2773) chess.com INT 2018}) 12... c5 {LiveBook: 8 Games} 13. d5 c4 14. Bc2 {The position is equal.} Re8 15. Nf1 Bf8 16. Bg5 $146 ({Predecessor:} 16. Ng3 g6 17. Bg5 Bg7 18. Qd2 Qe7 19. a4 Nc5 {½-½ (66) Landenbergue,C (2435)-Sargissian,G (2651) Dresden 2007}) 16... h6 17. Be3 g6 18. Qd2 Kh7 19. g4 {[%cal Bg2g4,Bg4g5][%mdl 32]} Qc7 20. Ng3 Nb6 (20... Nc5 $11 {remains equal.}) 21. g5 $16 Ng8 22. gxh6 f6 {[%cal Rf8h6]} 23. h4 Nxh6 24. Nh2 Nd7 (24... Na4 $142) 25. Bd1 f5 {[#]} 26. exf5 $1 gxf5 {...f4 is the strong threat.} 27. Bc2 e4 {[#]} (27... Nf6 $16) 28. f3 $1 $18 Nc5 29. fxe4 fxe4 30. Nf3 Nf7 31. Bxc5 Qxc5+ 32. Kh2 Kh8 33. Bxe4 {[%cal Bc2e4,Be4h7,Bh7f5][%mdl 32]} Bg7 (33... Rxe4 $142 34. Nxe4 Qxd5 35. Qxd5 Bxd5) 34. Ng5 (34. Rad1 $142) 34... Ne5 $2 (34... Nxg5 35. hxg5 Kg8) 35. Qe2 {aiming for Qh5+.} Kg8 36. Rf1 {Black must now prevent Qh5.} Bxd5 37. Qh5 {[%csl Ge4,Gg5][%cal Rh5h7]} Bh6 38. Bh7+ Kh8 39. Bf5 Kg7 40. Rae1 {White threatens Rxe5! and mate.} Bxg5 41. Rxe5 {Precision: White = 68%, Black = 10%.} 1-0

[Event "WYCC 2018 O16"]
[Site "Halkidiki"]
[Date "2018.10.30"]
[Round "11"]
[White "Nielsen, Andre"]
[Black "Araoz Andrade, Ivan Alexander"]
[Result "1-0"]
[WhiteElo "2260"]
[BlackElo "1919"]
[Annotator "NA"]
[PlyCount "45"]
[EventDate "2018.10.20"]
[EventType "swiss"]
[EventCountry "GRE"]
[SourceTitle "playchess.com"]
[Source "ChessBase"]
[SourceQuality "1"]
[TimeControl "40/5400+30:1800+30"]

1. e4 {[%emt 0:00:00]} c5 {[%emt 0:00:00]} 2. Nf3 {[%emt 0:00:00]} d6 {[%emt 0:00:00]} 3. d4 {[%emt 0:00:11]} cxd4 {[%emt 0:00:00]} 4. Nxd4 {[%emt 0:00:17]} Nf6 {[%emt 0:00:00]} 5. Nc3 {[%emt 0:00:13]} a6 {[%emt 0:00:00]} 6. Bc4 {[%emt 0:00:57]} e6 {[%emt 0:00:05]} 7. Bb3 {[%emt 0:00:09]} Nbd7 {[%emt 0:00:34]} 8. f4 {[%emt 0:01:00]} Nc5 {[%emt 0:00:48]} 9. f5 {[%emt 0:00:18]} Be7 {[%emt 0:00:47]} 10. Qf3 {[%emt 0:01:07]} Nxb3 {[%emt 0:10:44]} 11. axb3 {[%emt 0:02:52]} O-O {[%emt 0:00:23]} 12. Be3 {[%emt 0:04:43]} Kh8 $146 {[%emt 0:06:46] B86: Sicilian Scheveningen/Najdorf: 6 Bc4, without early ...b5} ({Predecessor:} 12... Nd7 13. O-O-O Ne5 14. Qe2 Bd7 15. g4 b5 16. Kb1 Re8 17. Rhg1 b4 18. Na4 Qa5 19. g5 Bxa4 20. bxa4 Qxa4 {1-0 (71) Balzar,A (2352)-Heinemann,T (2453) Germany 2005}) 13. g4 {[%emt 0:08:15]} Nd7 {[%emt 0:04:34]} 14. O-O-O {[%emt 0:01:50]} Ne5 {[%emt 0:01:37]} 15. Qf4 {[%emt 0:07:31]} Qa5 {[%emt 0:06:00]} 16. g5 {[%emt 0:07:25]} Bd7 {[%emt 0:01:50]} (16... f6 $1 $14) 17. Kb1 {[%emt 0:08:06]} Rac8 {[%emt 0:05:06]} 18. Rhg1 {[%emt 0:03:36]} Qb4 {[%emt 0:27:40]} 19. Rg3 {[%emt 0:04:36]} Nc4 {[%emt 0:05:00]} 20. bxc4 {[%emt 0:03:18]} e5 {[%emt 0:00:34]} 21. Qh4 {[%emt 0:00:17]} exd4 {[%emt 0:01:28]} 22. Nd5 {[%emt 0:00:25]} Qxc4 {[%emt 0:00:45] [#]} 23. Qxh7+ {[%emt 0:00:20]} 1-0

[Event "WYCC 2018 O16"]
[Site "Halkidiki"]
[Date "2018.10.30"]
[Round "11"]
[White "Juksta, Karolis"]
[Black "Stoleriu, George"]
[Result "1/2-1/2"]
[WhiteElo "2234"]
[BlackElo "2362"]
[Annotator "TA"]
[PlyCount "34"]
[EventDate "2018.10.20"]
[EventType "swiss"]
[EventCountry "GRE"]
[SourceTitle "playchess.com"]
[Source "ChessBase"]
[SourceQuality "1"]

{[%evp 14,34,0,-1,7,5,28,18,20,-2,4,0,10,7,23,17,15,14,10,0,0,0,25]} 1. d4 e6 2. e4 d5 3. exd5 exd5 4. Bf4 Bd6 5. Bxd6 Qxd6 6. c3 Bf5 {C01: French: Exchange Variation} 7. Bd3 Bxd3 8. Qxd3 {LiveBook: 11 Games} Nc6 (8... Ne7 9. Ne2 Nd7 10. Nd2 O-O 11. O-O {½-½ (11) Vovk,A (2617)-Vovk,Y (2626) Fagernes 2015}) 9. Nd2 Nge7 $146 ({Predecessor:} 9... Nf6 10. Ngf3 O-O 11. O-O Rae8 12. Rfe1 Qf4 13. g3 Qd6 14. Kg2 a6 {½-½ (14) Milliet,S (2164)-Hasanova,E (2325) Goa 2002}) 10. Ngf3 Qe6+ 11. Qe2 Qxe2+ 12. Kxe2 Ng6 13. g3 Kd7 14. Kd3 h5 {The position is equal.} 15. h4 f6 16. Ng1 Rae8 17. Nh3 Re7 1/2-1/2